000 00216nam a22000977a 4500
003 SGT
245 _aJournal of Oral and maxillofacial Surgery
260 _bElsevier
_c2021
300 _a941,1802,2607
942 _2ddc
_cBV
999 _c30286
_d30286